Community, State, and Church (Record no. 46287)
[ view plain ]
| 000 -LEADER | |
|---|---|
| fixed length control field | 00458nam a2200193Ia 4500 |
| 003 - CONTROL NUMBER IDENTIFIER | |
| control field | 0100 |
| 008 - FIXED-LENGTH DATA ELEMENTS--GENERAL INFORMATION | |
| fixed length control field | 130303s9999 xx 000 0 und d |
| 040 ## - CATALOGING SOURCE | |
| Transcribing agency | ARRUPELIB |
| 050 ## - LIBRARY OF CONGRESS CALL NUMBER | |
| Classification number | BX9410.B3231960 |
| 100 ## - MAIN ENTRY--PERSONAL NAME | |
| Personal name | Barth, Karl |
| 245 ## - TITLE STATEMENT | |
| Title | Community, State, and Church |
| 245 ## - TITLE STATEMENT | |
| Remainder of title | Three Essays |
| 260 ## - PUBLICATION, DISTRIBUTION, ETC. (IMPRINT) | |
| Place of publication, distribution, etc | NY |
| 260 ## - PUBLICATION, DISTRIBUTION, ETC. (IMPRINT) | |
| Name of publisher, distributor, etc | Doubleday Anchor Books |
| 260 ## - PUBLICATION, DISTRIBUTION, ETC. (IMPRINT) | |
| -- | 1960 |
| 300 ## - PHYSICAL DESCRIPTION | |
| Extent | 193p |
| 700 ## - ADDED ENTRY--PERSONAL NAME | |
| Personal name | , with an Introduction by Will Herberg |
| 942 00 - ADDED ENTRY ELEMENTS (KOHA) | |
| Koha issues (borrowed), all copies | 1 |
| Withdrawn status | Lost status | Source of classification or shelving scheme | Damaged status | Not for loan | Collection code | Home library | Current library | Date acquired | Total Checkouts | Full call number | Barcode | Date last seen | Date checked out | Copy number | Price effective from | Koha item type |
|---|---|---|---|---|---|---|---|---|---|---|---|---|---|---|---|---|
| Library of Congress Classification | Main Collection | ARRUPE LIBRARY | ARRUPE LIBRARY | 04/03/2013 | 1 | BX9410.B323 1960 | 46500023460 | 22/11/2017 | 16/05/2014 | 1 | 04/03/2013 | Monograph ( Printed materials) |